| LEADER |
00825nam0a2200241 450 |
| 001 |
16823974 |
| 010 |
|
|
|a 978-2-7470-2536-2
|d 15,9
|
| 100 |
|
|
|a 20101207d2008 u u0frey01 ba
|
| 101 |
0 |
|
|a fre
|
| 102 |
|
|
|a FR
|
| 200 |
0 |
|
|a 100 % récup
|e bric à brac de bricos rigolos !
|f Monike Czarnecki
|g aut. Virginie Desmoulins, aut. Isabelle Schwartz
|
| 207 |
|
1 |
|a
|
| 210 |
|
|
|a Paris
|c Bayard Jeunesse
|d 2008
|
| 215 |
|
|
|a 1 vol. (99 p.)
|c ill. en coul.
|d 30 cm
|
| 225 |
1 |
|
|a 100 % activités
|i 100 %
|
| 608 |
|
|
|a Travaux manuels (matériaux)
|
| 676 |
|
|
|a 745.5
|
| 700 |
|
0 |
|a Czarnecki
|b Monike
|f 1961-....
|4 70
|
| 702 |
|
0 |
|a Desmoulins
|b Virginie
|4 70
|
| 702 |
|
0 |
|a Schwartz
|b Isabelle
|4 70
|
| 900 |
|
|
|a Documentaire
|
| 901 |
|
|
|a Jeunesse
|
| 995 |
|
|
|a Médiathèque
|c Médiathèque
|f 089011175
|h 089011175
|k E 745.5 CZA
|o p
|q j
|r az
|e Médiathèque
|